ロード中...
Vidyabhyasathinte irunda chakravalam
| 第一著者: | |
|---|---|
| フォーマット: | Printed Book |
| 言語: | Malayalam |
| 出版事項: |
Prabhath, Thiruvananthapuram
Prabhath, Thiruvananthapuram
1992
|
| LEADER | 00481nam a2200121Ia 4500 | ||
|---|---|---|---|
| 008 | 111205s9999 xx 000 0 mal d | ||
| 100 | |a Vasu ,K.P. | ||
| 245 | |a Vidyabhyasathinte irunda chakravalam |c Vasu ,K.P. | ||
| 260 | |b Prabhath, Thiruvananthapuram |a Prabhath, Thiruvananthapuram |c 1992 | ||
| 300 | |a 67 | ||
| 942 | |c BK | ||
| 999 | |c 219496 |d 219496 | ||
| 952 | |0 0 |1 0 |2 ddc |4 0 |6 370_000000000000000_VAS_V |7 0 |9 242478 |a MAL |b MAL |c ST1 |d 2011-12-05 |g 15.00 |l 0 |o 370 VAS/V |p MAL22968 |r 2011-12-05 |v 15.00 |w 2011-12-05 |y BK | ||